[Event "DEM U10w 2023"]
[Site "Willingen GER"]
[Date "2023.05.28"]
[Round "2"]
[White "Kryvak, Mariia"]
[Black "Kühn, Nicole"]
[Result "0-1"]
[Termination "normal"]
[Board "12"]
[WhiteElo "1083"]
[BlackElo "1048"]
[WhiteClock "01:25:31"]
[BlackClock "01:00:14"]
[PlyCount "108"]
[WhiteFideId "34164413"]
[BlackFideId "34610510"]
[EventCountry "GER"]
[EventRounds "11"]
[EventType "swiss"]
[EventDate "2023.05.27"]

1. e4 {[%clk 01:15:59]} e5 {[%clk 01:15:38]} {[%emt 00:00:23]} 2. Nf3 {[%clk
01:16:25]} {[%emt 00:00:05]} Nc6 {[%clk 01:16:02]} {[%emt 00:00:39]} 3. Bc4
{[%clk 01:17:12]} {[%emt 00:00:08]} Be7 {[%clk 01:14:21]} {[%emt 00:02:11]} 4.
d4 {[%clk 01:17:28]} {[%emt 00:00:15]} exd4 {[%clk 01:13:35]} {[%emt 00:01:17]}
5. Nxd4 {[%clk 01:17:52]} {[%emt 00:00:06]} Nf6 {[%clk 01:12:43]} {[%emt
00:01:22]} 6. Nxc6 {[%clk 01:17:46]} {[%emt 00:00:36]} bxc6 {[%clk 01:11:15]}
{[%emt 00:01:57]} 7. Nc3 {[%clk 01:18:08]} {[%emt 00:00:09]} d6 {[%clk
01:09:26]} {[%emt 00:02:18]} 8. O-O {[%clk 01:18:23]} {[%emt 00:00:15]} O-O
{[%clk 01:08:58]} {[%emt 00:00:59]} 9. Be2 {[%clk 01:18:27]} {[%emt 00:00:25]}
d5 {[%emt 00:01:54]} 10. e5 {[%clk 01:18:33]} {[%emt 00:00:23]} Ne4 {[%clk
01:04:51]} {[%emt 00:04:21]} 11. Nxe4 {[%clk 01:19:00]} {[%emt 00:00:58]} dxe4
{[%clk 01:06:54]} {[%emt 00:00:26]} 12. Bd2 {[%clk 01:19:14]} {[%emt 00:00:16]}
Bf5 {[%clk 01:05:59]} {[%emt 00:01:26]} 13. Bc4 {[%clk 01:18:45]} {[%emt
00:00:58]} Rb8 {[%clk 01:05:14]} {[%emt 00:01:15]} 14. b3 {[%clk 01:19:05]}
{[%emt 00:00:10]} Bc5 {[%clk 01:04:28]} {[%emt 00:01:17]} 15. Qe2 {[%clk
01:19:11]} {[%emt 00:00:24]} Bd4 {[%clk 01:04:12]} {[%emt 00:00:46]} 16. Rad1
{[%clk 01:19:30]} {[%emt 00:00:11]} Qh4 {[%emt 00:01:20]} 17. Be3 {[%emt
00:00:48]} Bg4 {[%clk 01:01:35]} {[%emt 00:00:58]} 18. Qd2 {[%clk 01:18:14]}
{[%emt 00:01:46]} Bxd1 {[%clk 01:01:52]} {[%emt 00:00:13]} 19. Qxd4 {[%clk
01:18:11]} {[%emt 00:00:34]} Bg4 {[%clk 01:01:25]} {[%emt 00:00:57]} 20. Qxe4
{[%clk 01:18:26]} {[%emt 00:00:15]} Qh5 {[%clk 01:00:01]} {[%emt 00:01:54]} 21.
Bxa7 {[%clk 01:18:09]} {[%emt 00:00:47]} Ra8 {[%clk 00:59:57]} {[%emt
00:00:33]} 22. Bc5 {[%clk 01:18:32]} {[%emt 00:00:09]} Rfd8 {[%clk 00:57:11]}
{[%emt 00:03:10]} 23. Qxc6 {[%clk 01:18:32]} {[%emt 00:00:35]} Qxe5 {[%clk
00:56:33]} {[%emt 00:01:07]} 24. Be3 {[%clk 01:18:05]} {[%emt 00:00:58]} Rxa2
{[%clk 00:55:48]} {[%emt 00:01:14]} 25. h3 {[%clk 01:17:31]} {[%emt 00:01:05]}
Be6 {[%clk 00:55:40]} {[%emt 00:00:38]} 26. Bxe6 {[%clk 01:16:51]} {[%emt
00:01:10]} Qxe6 {[%clk 00:55:08]} {[%emt 00:01:02]} 27. Qxc7 {[%clk 01:17:05]}
{[%emt 00:00:15]} Rc8 {[%clk 00:54:41]} {[%emt 00:00:57]} 28. Qb7 {[%clk
01:17:29]} {[%emt 00:00:07]} Raxc2 {[%clk 00:54:48]} {[%emt 00:00:22]} 29. Qf3
{[%clk 01:17:18]} {[%emt 00:00:41]} Qxb3 {[%clk 00:54:49]} {[%emt 00:00:29]}
30. Bd4 {[%clk 01:17:32]} {[%emt 00:00:16]} Qxf3 {[%clk 00:55:06]} {[%emt
00:00:14]} 31. gxf3 {[%clk 01:17:53]} {[%emt 00:00:09]} Rc1 {[%clk 00:55:22]}
{[%emt 00:00:14]} 32. Rxc1 {[%clk 01:18:09]} {[%emt 00:00:14]} Rxc1+ {[%clk
00:55:47]} {[%emt 00:00:06]} 33. Kg2 {[%emt 00:00:22]} h5 {[%clk 00:56:00]} 34.
Kg3 {[%clk 01:18:51]} {[%emt 00:00:10]} g6 {[%clk 00:56:22]} {[%emt 00:00:08]}
35. Kf4 {[%clk 01:19:00]} {[%emt 00:00:21]} Kh7 {[%clk 00:55:59]} {[%emt
00:00:53]} 36. Ke5 {[%clk 01:19:12]} {[%emt 00:00:18]} Rh1 {[%clk 00:56:02]}
{[%emt 00:00:27]} 37. Kf6 {[%clk 01:19:27]} {[%emt 00:00:15]} Rxh3 {[%clk
00:56:22]} {[%emt 00:00:10]} 38. Kxf7 {[%clk 01:19:37]} {[%emt 00:00:21]} Rxf3+
{[%clk 00:56:44]} {[%emt 00:00:08]} 39. Ke6 {[%clk 01:19:59]} {[%emt 00:00:07]}
h4 {[%clk 00:57:04]} {[%emt 00:00:10]} 40. Ke5 {[%clk 01:20:21]} {[%emt
00:00:08]} h3 {[%clk 00:57:25]} {[%emt 00:00:10]} 41. Ke4 {[%clk 01:20:51]} Rf7
{[%clk 00:57:43]} {[%emt 00:00:11]} 42. Be5 {[%clk 01:21:09]} {[%emt 00:00:13]}
g5 {[%clk 00:57:38]} {[%emt 00:00:35]} 43. Ke3 {[%clk 01:21:28]} {[%emt
00:00:11]} g4 {[%clk 00:58:00]} {[%emt 00:00:07]} 44. Ke2 {[%clk 01:21:36]}
{[%emt 00:00:22]} Re7 {[%clk 00:58:11]} {[%emt 00:00:20]} 45. Kf1 {[%clk
01:21:56]} {[%emt 00:00:10]} Rxe5 {[%clk 00:58:32]} {[%emt 00:00:09]} 46. Kg1
{[%clk 01:22:20]} {[%emt 00:00:05]} Rf5 {[%clk 00:58:34]} {[%emt 00:00:28]} 47.
Kf1 {[%clk 01:22:39]} {[%emt 00:00:12]} g3 {[%clk 00:58:47]} {[%emt 00:00:17]}
48. Kg1 {[%clk 01:23:02]} {[%emt 00:00:07]} gxf2+ {[%clk 00:59:09]} {[%emt
00:00:08]} 49. Kf1 {[%clk 01:23:20]} {[%emt 00:00:12]} h2 {[%clk 00:59:29]}
{[%emt 00:00:09]} 50. Kg2 {[%clk 01:23:44]} {[%emt 00:00:06]} f1=Q+ {[%clk
00:59:44]} {[%emt 00:00:16]} 51. Kxh2 {[%clk 01:24:12]} {[%emt 00:00:01]} Qe2+
{[%clk 00:59:44]} {[%emt 00:00:29]} 52. Kh3 {[%clk 01:24:39]} {[%emt 00:00:02]}
Rf3+ {[%clk 01:00:00]} {[%emt 00:00:15]} 53. Kh4 {[%clk 01:25:06]} {[%emt
00:00:04]} Qe4+ {[%clk 01:00:22]} {[%emt 00:00:08]} 54. Kg5 {[%clk 01:25:31]}
{[%emt 00:00:02]} Rf5# {[%clk 01:00:14]} {[%emt 00:00:12]} 0-1

[Event "DEM U10w 2023"]
[Site "Willingen GER"]
[Date "2023.05.28"]
[Round "2"]
[White "Bräutigam, Viktoria"]
[Black "Börner, Martha"]
[Result "0-1"]
[Termination "normal"]
[Board "13"]
[WhiteElo "770"]
[BlackElo "1086"]
[WhiteClock "01:03:25"]
[BlackClock "01:16:50"]
[PlyCount "72"]
[WhiteFideId "34638652"]
[BlackFideId "34665382"]
[EventCountry "GER"]
[EventRounds "11"]
[EventType "swiss"]
[EventDate "2023.05.27"]

1. e4 {[%clk 01:15:58]} {[%emt 00:00:01]} c5 {[%clk 01:15:55]} {[%emt
00:00:06]} 2. Nf3 {[%clk 01:16:17]} {[%emt 00:00:10]} Nc6 {[%clk 01:16:17]}
{[%emt 00:00:08]} 3. Bc4 {[%clk 01:16:09]} {[%emt 00:00:37]} e5 {[%clk
01:16:25]} {[%emt 00:00:23]} 4. Nc3 {[%clk 01:15:37]} {[%emt 00:01:01]} g6
{[%clk 01:16:23]} {[%emt 00:00:33]} 5. d3 {[%clk 01:14:55]} {[%emt 00:01:12]}
Bg7 {[%clk 01:16:33]} {[%emt 00:00:19]} 6. Bg5 {[%clk 01:14:04]} {[%emt
00:01:21]} Nf6 {[%clk 01:16:14]} {[%emt 00:00:50]} 7. O-O {[%clk 01:13:29]}
{[%emt 00:01:05]} O-O {[%clk 01:16:31]} {[%emt 00:00:13]} 8. Be3 {[%clk
01:13:02]} {[%emt 00:00:54]} d6 {[%clk 01:16:28]} {[%emt 00:00:35]} 9. Nd5
{[%clk 01:12:57]} {[%emt 00:00:35]} Nxd5 {[%clk 01:15:40]} {[%emt 00:01:19]}
10. Bxd5 {[%clk 01:13:08]} {[%emt 00:00:15]} Be6 {[%clk 01:15:58]} {[%emt
00:00:15]} 11. Bxe6 {[%clk 01:13:08]} {[%emt 00:00:30]} fxe6 {[%clk 01:16:14]}
{[%emt 00:00:15]} 12. Ng5 {[%clk 01:13:00]} {[%emt 00:00:38]} Qe7 {[%clk
01:15:53]} {[%emt 00:00:53]} 13. Qd2 {[%clk 01:12:37]} {[%emt 00:00:52]} Bh6
{[%clk 01:15:21]} {[%emt 00:00:59]} 14. a3 {[%clk 01:12:31]} {[%emt 00:00:40]}
Nd4 {[%clk 01:15:31]} {[%emt 00:00:18]} 15. g3 {[%clk 01:11:50]} {[%emt
00:01:13]} Qe8 {[%clk 01:14:50]} {[%emt 00:01:10]} 16. Qa5 {[%clk 01:10:27]}
{[%emt 00:01:54]} b6 {[%clk 01:14:43]} {[%emt 00:00:37]} 17. Qa6 {[%clk
01:10:27]} {[%emt 00:00:30]} Qd8 {[%clk 01:14:42]} {[%emt 00:00:32]} 18. Nxe6
{[%clk 01:10:05]} {[%emt 00:00:50]} Nxe6 {[%clk 01:14:25]} {[%emt 00:00:49]}
19. Bxh6 {[%clk 01:10:08]} {[%emt 00:00:25]} Rf6 {[%clk 01:14:36]} {[%emt
00:00:20]} 20. Qb7 {[%clk 01:10:05]} {[%emt 00:00:33]} g5 {[%clk 01:14:18]}
{[%emt 00:00:47]} 21. b4 {[%clk 01:09:16]} {[%emt 00:01:20]} Rxh6 {[%clk
01:14:14]} {[%emt 00:00:33]} 22. bxc5 {[%clk 01:08:52]} {[%emt 00:00:54]} Nxc5
{[%clk 01:14:35]} {[%emt 00:00:10]} 23. a4 {[%clk 01:09:02]} {[%emt 00:00:20]}
Nxb7 {[%clk 01:14:45]} {[%emt 00:00:20]} 24. c3 {[%clk 01:07:15]} {[%emt
00:02:17]} g4 {[%clk 01:14:11]} {[%emt 00:01:05]} 25. d4 {[%clk 01:07:15]}
{[%emt 00:00:30]} exd4 {[%clk 01:14:28]} {[%emt 00:00:13]} 26. cxd4 {[%clk
01:07:32]} {[%emt 00:00:11]} Qe8 {[%clk 01:14:49]} {[%emt 00:00:11]} 27. Rfe1
{[%clk 01:07:48]} {[%emt 00:00:13]} Qh5 {[%clk 01:15:03]} {[%emt 00:00:15]} 28.
e5 {[%clk 01:07:36]} {[%emt 00:00:43]} Qxh2+ {[%clk 01:15:18]} {[%emt
00:00:15]} 29. Kf1 {[%clk 01:07:58]} {[%emt 00:00:09]} Qh1+ {[%clk 01:15:29]}
{[%emt 00:00:19]} 30. Ke2 {[%clk 01:07:52]} {[%emt 00:00:36]} Qf3+ {[%clk
01:15:50]} {[%emt 00:00:09]} 31. Kd2 {[%clk 01:06:45]} {[%emt 00:01:36]} Qxf2+
{[%clk 01:16:02]} {[%emt 00:00:18]} 32. Re2 {[%clk 01:06:30]} {[%emt 00:00:47]}
Qxd4+ {[%clk 01:16:13]} {[%emt 00:00:18]} 33. Kc2 {[%clk 01:06:33]} {[%emt
00:00:27]} Rc8+ {[%clk 01:16:25]} {[%emt 00:00:18]} 34. Kb1 {[%clk 01:04:46]}
{[%emt 00:02:15]} Rh1+ {[%clk 01:16:38]} {[%emt 00:00:19]} 35. Ka2 {[%clk
01:04:34]} {[%emt 00:00:39]} Rxa1+ {[%clk 01:16:50]} {[%emt 00:00:22]} 36. Kb3
{[%clk 01:03:25]} {[%emt 00:00:14]} Qc3# {[%clk 01:16:50]} 0-1

[Event "DEM U10w 2023"]
[Site "Willingen GER"]
[Date "2023.05.28"]
[Round "2"]
[White "Eßers, Mathilda Marie"]
[Black "Wieckowicz, Bui Havy"]
[Result "0-1"]
[Termination "normal"]
[Board "14"]
[WhiteElo "755"]
[BlackElo "1065"]
[WhiteClock "01:14:03"]
[BlackClock "01:06:23"]
[PlyCount "44"]
[WhiteFideId "34684093"]
[BlackFideId "34639926"]
[EventCountry "GER"]
[EventRounds "11"]
[EventType "swiss"]
[EventDate "2023.05.27"]

1. d4 {[%clk 01:15:59]} f5 {[%clk 01:15:53]} {[%emt 00:00:07]} 2. Nc3 {[%clk
01:16:21]} {[%emt 00:00:08]} Nf6 {[%clk 01:16:12]} {[%emt 00:00:07]} 3. Bg5
{[%clk 01:16:43]} {[%emt 00:00:12]} e6 {[%emt 00:00:15]} 4. e4 {[%emt
00:00:18]} Be7 {[%clk 01:15:38]} {[%emt 00:00:24]} 5. Bf4 {[%clk 01:14:32]}
{[%emt 00:02:48]} fxe4 {[%emt 00:00:32]} 6. Nb5 {[%emt 00:00:15]} d6 {[%emt
00:00:24]} 7. Be2 {[%emt 00:01:00]} O-O {[%emt 00:00:30]} 8. f3 {[%emt
00:00:14]} Nc6 {[%clk 01:12:05]} {[%emt 00:01:02]} 9. c3 {[%clk 01:13:32]}
{[%emt 00:01:36]} a6 {[%clk 01:11:22]} {[%emt 00:01:09]} 10. Na3 {[%clk
01:13:45]} {[%emt 00:00:21]} b5 {[%clk 01:10:43]} {[%emt 00:01:05]} 11. fxe4
{[%clk 01:12:52]} {[%emt 00:01:26]} Nxe4 {[%clk 01:11:01]} {[%emt 00:00:08]}
12. Bf3 {[%clk 01:13:00]} {[%emt 00:00:27]} Rxf4 {[%emt 00:00:38]} 13. Qd3
{[%emt 00:00:48]} Ng5 {[%clk 01:09:08]} {[%emt 00:00:50]} 14. Bxc6 {[%clk
01:13:11]} {[%emt 00:00:23]} Rb8 {[%emt 00:00:47]} 15. Bf3 {[%emt 00:01:00]} e5
{[%clk 01:07:30]} {[%emt 00:00:23]} 16. dxe5 {[%clk 01:13:18]} {[%emt
00:00:23]} dxe5 {[%emt 00:00:17]} 17. g3 {[%clk 01:13:13]} {[%emt 00:00:29]}
Qxd3 {[%clk 01:08:01]} {[%emt 00:00:11]} 18. Be2 {[%clk 01:13:17]} {[%emt
00:00:33]} Re4 {[%clk 01:07:42]} {[%emt 00:00:45]} 19. Rd1 {[%clk 01:13:32]}
{[%emt 00:00:19]} Nf3+ {[%clk 01:07:45]} {[%emt 00:00:19]} 20. Kf2 {[%clk
01:13:39]} {[%emt 00:00:31]} Qe3+ {[%clk 01:07:16]} {[%emt 00:00:44]} 21. Kf1
{[%clk 01:14:03]} {[%emt 00:00:17]} Nxg1 {[%emt 00:00:27]} 22. Rxg1 {[%clk
01:14:03]} {[%emt 00:00:12]} Qxe2# {[%clk 01:06:23]} 0-1

[Event "DEM U10w 2023"]
[Site "Willingen GER"]
[Date "2023.05.28"]
[Round "2"]
[White "Bayer, Klara"]
[Black "Ebel, Io Cornelia"]
[Result "1-0"]
[Termination "normal"]
[Board "16"]
[WhiteElo "1043"]
[BlackElo "768"]
[WhiteClock "01:20:54"]
[BlackClock "01:17:53"]
[PlyCount "57"]
[WhiteFideId "34658955"]
[EventCountry "GER"]
[EventRounds "11"]
[EventType "swiss"]
[EventDate "2023.05.27"]

1. e4 {[%clk 01:15:59]} {[%emt 00:00:01]} e5 {[%clk 01:15:50]} {[%emt
00:00:11]} 2. Nf3 {[%clk 01:16:23]} {[%emt 00:00:06]} Nc6 {[%clk 01:16:12]}
{[%emt 00:00:08]} 3. Bc4 {[%clk 01:16:47]} {[%emt 00:00:06]} Bc5 {[%clk
01:16:35]} {[%emt 00:00:07]} 4. c3 {[%clk 01:17:12]} {[%emt 00:00:05]} Nf6
{[%clk 01:16:21]} {[%emt 00:00:43]} 5. d4 {[%clk 01:17:33]} {[%emt 00:00:10]}
exd4 {[%clk 01:16:44]} {[%emt 00:00:08]} 6. cxd4 {[%clk 01:17:58]} {[%emt
00:00:05]} Bb4+ {[%clk 01:16:43]} {[%emt 00:00:31]} 7. Bd2 {[%clk 01:18:23]}
{[%emt 00:00:06]} Bxd2+ {[%clk 01:16:59]} {[%emt 00:00:13]} 8. Nbxd2 {[%clk
01:18:41]} {[%emt 00:00:11]} d6 {[%clk 01:17:03]} {[%emt 00:00:27]} 9. O-O
{[%clk 01:18:53]} {[%emt 00:00:19]} Bg4 {[%clk 01:17:24]} {[%emt 00:00:08]} 10.
h3 {[%clk 01:19:01]} {[%emt 00:00:21]} Bh5 {[%clk 01:17:46]} {[%emt 00:00:09]}
11. Re1 {[%clk 01:19:10]} {[%emt 00:00:20]} Nxd4 {[%clk 01:17:56]} {[%emt
00:00:20]} 12. Rc1 {[%clk 01:18:58]} {[%emt 00:00:42]} Nxf3+ {[%clk 01:17:07]}
{[%emt 00:01:20]} 13. Nxf3 {[%clk 01:19:16]} {[%emt 00:00:12]} Qd7 {[%clk
01:16:54]} {[%emt 00:00:35]} 14. e5 {[%clk 01:18:57]} {[%emt 00:00:56]} dxe5
{[%clk 01:17:07]} {[%emt 00:00:17]} 15. Qxd7+ {[%clk 01:19:13]} {[%emt
00:00:15]} Nxd7 {[%clk 01:17:25]} {[%emt 00:00:12]} 16. Nxe5 {[%clk 01:19:31]}
{[%emt 00:00:12]} Rd8 {[%clk 01:16:58]} {[%emt 00:00:51]} 17. Ng6+ {[%clk
01:19:29]} {[%emt 00:00:37]} Ne5 {[%clk 01:16:48]} {[%emt 00:00:37]} 18. Rxe5+
{[%clk 01:19:51]} {[%emt 00:00:11]} Kd7 {[%clk 01:16:56]} {[%emt 00:00:22]} 19.
Nxh8 {[%clk 01:19:47]} {[%emt 00:00:34]} f6 {[%clk 01:17:04]} {[%emt 00:00:22]}
20. Rxh5 {[%clk 01:19:52]} {[%emt 00:00:25]} Rxh8 {[%clk 01:17:14]} {[%emt
00:00:21]} 21. Rd5+ {[%clk 01:20:01]} {[%emt 00:00:21]} Kc6 {[%clk 01:17:23]}
{[%emt 00:00:18]} 22. Bb3+ {[%clk 01:20:19]} {[%emt 00:00:14]} Kb6 {[%clk
01:17:34]} {[%emt 00:00:17]} 23. a4 {[%clk 01:20:08]} {[%emt 00:00:44]} c6
{[%clk 01:17:32]} {[%emt 00:00:29]} 24. a5+ {[%clk 01:20:26]} {[%emt 00:00:14]}
Ka6 {[%clk 01:17:48]} {[%emt 00:00:14]} 25. Bc4+ {[%clk 01:20:32]} {[%emt
00:00:24]} b5 {[%clk 01:18:02]} {[%emt 00:00:16]} 26. Bxb5+ {[%clk 01:20:30]}
{[%emt 00:00:33]} cxb5 {[%clk 01:18:17]} {[%emt 00:00:15]} 27. b4 {[%clk
01:20:38]} {[%emt 00:00:21]} g5 {[%clk 01:17:47]} {[%emt 00:01:00]} 28. Rd7
{[%clk 01:20:33]} {[%emt 00:00:35]} h5 {[%clk 01:17:53]} {[%emt 00:00:24]} 29.
Rc6# {[%clk 01:20:54]} {[%emt 00:00:09]} 1-0

[Event "DEM U10w 2023"]
[Site "Willingen GER"]
[Date "2023.05.28"]
[Round "2"]
[White "Ruddat, Maila"]
[Black "Buntin, Amelia Bernadette"]
[Result "1/2-1/2"]
[Termination "normal"]
[Board "18"]
[WhiteElo "1024"]
[BlackElo "737"]
[WhiteClock "01:16:21"]
[BlackClock "00:59:19"]
[PlyCount "42"]
[WhiteFideId "34628100"]
[BlackFideId "34649581"]
[EventCountry "GER"]
[EventRounds "11"]
[EventType "swiss"]
[EventDate "2023.05.27"]

1. e4 {[%clk 01:15:57]} {[%emt 00:00:03]} d6 {[%clk 01:15:58]} {[%emt
00:00:03]} 2. d4 {[%clk 01:16:13]} {[%emt 00:00:14]} Nd7 {[%clk 01:16:16]}
{[%emt 00:00:12]} 3. Nc3 {[%clk 01:16:32]} {[%emt 00:00:10]} e5 {[%clk
01:16:31]} {[%emt 00:00:15]} 4. dxe5 {[%clk 01:16:56]} {[%emt 00:00:06]} Nxe5
{[%clk 01:15:34]} {[%emt 00:01:27]} 5. Nf3 {[%clk 01:17:15]} {[%emt 00:00:11]}
Bg4 {[%clk 01:15:23]} {[%emt 00:00:41]} 6. Be2 {[%clk 01:17:03]} {[%emt
00:00:41]} Nf6 {[%clk 01:13:40]} {[%emt 00:02:14]} 7. h3 {[%clk 01:17:11]}
{[%emt 00:00:21]} Bh5 {[%clk 01:14:05]} {[%emt 00:00:07]} 8. Bg5 {[%clk
01:17:14]} {[%emt 00:00:26]} Be7 {[%clk 01:08:57]} {[%emt 00:05:39]} 9. g4
{[%clk 01:16:40]} {[%emt 00:01:01]} Bg6 {[%clk 01:07:37]} {[%emt 00:01:54]} 10.
Bxf6 {[%clk 01:16:40]} {[%emt 00:00:28]} Bxf6 {[%clk 01:05:11]} {[%emt
00:02:56]} 11. Nxe5 {[%clk 01:15:50]} {[%emt 00:01:21]} Bxe5 {[%clk 01:04:49]}
{[%emt 00:00:51]} 12. h4 {[%clk 01:15:36]} {[%emt 00:00:44]} Bxc3+ {[%clk
01:01:57]} {[%emt 00:03:22]} 13. bxc3 {[%clk 01:15:53]} {[%emt 00:00:13]} Bxe4
{[%clk 01:02:12]} {[%emt 00:00:16]} 14. Bf3 {[%clk 01:15:50]} {[%emt 00:00:32]}
Qe7 {[%clk 01:01:47]} {[%emt 00:00:56]} 15. Bxe4 {[%clk 01:15:43]} {[%emt
00:00:37]} Qxe4+ {[%clk 00:58:27]} {[%emt 00:03:49]} 16. Qe2 {[%clk 01:15:28]}
{[%emt 00:00:44]} Qxe2+ {[%clk 00:58:58]} {[%emt 00:00:39]} 17. Kxe2 {[%clk
01:16:06]} {[%emt 00:00:12]} Kd7 {[%clk 00:58:58]} {[%emt 00:00:31]} 18. Rhe1
{[%clk 01:16:14]} {[%emt 00:00:21]} Rae8+ {[%clk 00:59:04]} {[%emt 00:00:25]}
19. Kf1 {[%clk 01:16:30]} {[%emt 00:00:13]} Kc6 {[%clk 00:59:14]} {[%emt
00:00:22]} 20. Red1 {[%clk 01:16:20]} {[%emt 00:00:39]} g6 {[%clk 00:59:14]}
{[%emt 00:00:31]} 21. Rab1 {[%clk 01:16:21]} {[%emt 00:00:29]} h5 {[%clk
00:59:19]} {[%emt 00:00:24]} 1/2-1/2